000 00527cam a2200169 a 4500
001 000018376
005 20200929165500.0
008 830411s1970 ve 000 0 spa
040 _aDO-SdBNP
_bspa
_cBNPHU
082 _aVe864.44
_bC348b
100 1 _aCastellanos, Enrique.
_939794
245 1 0 _aBorradores perdidos /
_cEnrique Castellanos.
260 _aCaracas, (Venezuela) :
_bEdiciones Tiempo y Espacio,
_c1970.
300 _a159 p. ;
_c18 cm.
650 4 _aEnsayos venezolanos
_94376
650 4 _aLiteratura venezolana
_93816
999 _c17897
_d17897